| 000 | 00543nam a2200157 4500 | ||
|---|---|---|---|
| 001 | 136045 | ||
| 003 | ES-MaACL | ||
| 005 | 20230906195025.0 | ||
| 007 | t| | ||
| 008 | 070214s1912 sp r ||||1| spa d | ||
| 100 | 1 |
_aRuiz Mateos, Antonio. _9100869 |
|
| 245 | 1 | 0 |
_aMunda Astigitana _b: su fijación en Ronda bajo los puntos de vista geográfico, topográfico e histórico-militar / _cAntonio Ruiz Mateos. |
| 260 |
_aCádiz : _b[s. n.], _c1912 ( _fTip. y Litografía La Gaditana) |
||
| 300 |
_a63 p. ; _c22 cm. |
||
| 852 |
_aES-MaACL _j1499-F-16 |
||
| 999 |
_c136045 _d136045 |
||